000 00302nam a22001337a 4500
008 171002b xxu||||| |||| 00| 0 eng d
020 _a9780070464766
041 _aeng
080 _a37
100 _a47
101 _aEDU
245 _aTHE BIG BOOK BUSINESS GAMES
_cNEWSTROM.J
942 _2udc
_cBK
999 _c31113
_d31113